Statistics for Guess The NFL Team By Hint ( Part 1)

Click here to take the quiz!

General Stats

  • This quiz has been taken 28 times
  • The average score is 12 of 15

Answer Stats

HintAnswer% Correct
Nicknamed "America's Team"Dallas Cowboys
91%
Wide Receiver Was Nicknamed "MegaTron"Detroit Lions
91%
Traded Star Wide Receiver Deandre Hopkins To The CardinalsHouston Texans
91%
Wide Receiver Started The "Griddy"Minnesota Vikings
91%
"When The Saints Go Marching In"New Orleans Saints
91%
Was The OilersTennessee Titans
91%
Drafted A Clemson Qb #1 In 2021Jacksonville Jaguars
87%
Player On This Team Is Now An Award Which Is Walter Payton Man Of The Year AwardChicago Bears
83%
"Mascot" Is Brownie The ElfCleveland Browns
83%
Player Had On This Team Had A Catch With 3 FingersNew York Giants
78%
Went Undefeated And Won The Super Bowl In 1972Miami Dolphins
74%
Drafted QB Jameis Winston With the #1 Pick In 2015Tampa Bay Buccaneers
74%
King Of The JungleCincinnati Bengals
70%
Drafted a Wisconsin Linebacker #30 In The 2017 DraftPittsburgh Steelers
61%
Only Super Bowl Appearance Was in 1968New York Jets
57%

Score Distribution

Percentile by Number Answered

Percent of People with Each Score

Your Score History

You have not taken this quiz